| 000 | 00788 a2200217 4500 | ||
|---|---|---|---|
| 999 |
_c7136 _d7136 |
||
| 020 | _a9780273716624 | ||
| 050 | 0 | 0 | _aHF 54.56 BOC 2008 |
| 100 | 1 |
_aBocij, Paul _eauthor |
|
| 245 | 1 | 0 |
_aBusiness information systems : _btechnology, development and management / _cPaul Bocij, Andrew Greasley and Simon Hickie. |
| 250 | _a4th ed. | ||
| 264 |
_aU.K. : _bPearson Education Education, _c2008 |
||
| 300 |
_a710 p. : _bill. |
||
| 500 | _aIncludes bibliographical references and index | ||
| 504 | _aIncludes bibliographical references and index | ||
| 650 | 0 |
_aBusiness _xComputer network resources. |
|
| 650 | 0 | _aBusiness information services. | |
| 650 | 0 | _aElectronic commerce. | |
| 700 | 1 |
_aGreasley, Andrew. _eauthor |
|
| 700 | 1 |
_aHickie, Simon. _eauthor |
|
| 942 |
_2lcc _cBK _h54.56 _iBOC _kHF |
||